| 000 | 00389nam a2200157Ia 4500 | ||
|---|---|---|---|
| 008 | 151213s9999 xx 000 0 und d | ||
| 100 | _aA. G. Stock | ||
| 245 |
_aW.B. Yeats , His Poetry & Thought _cA. G. Stock |
||
| 250 | _a1st | ||
| 260 |
_aLondon _bCambridge University _c1964 |
||
| 300 | _a4349 p. | ||
| 650 | _aEnglish | ||
| 650 | _aPoetry | ||
| 700 | _aA. G. Stock | ||
| 999 |
_c2763 _d2763 |
||